[Event "Montcalm 1 2019-20"]
[Site "Quebec CAN"]
[Date "2019.09.19"]
[Round "3"]
[White "Bluteau, Yvon"]
[Black "Lescarbeau, Martin"]
[Result "1-0"]
[WhiteElo "1799"]
[BlackElo "1695"]
[PlyCount "65"]
[EventDate "2019.09.05"]
[EventType "swiss"]
[EventRounds "5"]
[EventCountry "CAN"]

1. e4 e6 2. d4 d5 3. exd5 exd5 4. Nc3 Nf6 5. Bf4 Bd6 6. Qd2 c6 7. Nf3 Ne4 8.
Nxe4 dxe4 9. Ng5 O-O 10. O-O-O Bg4 11. Bxd6 Qxd6 12. Nxe4 Qd5 13. Re1 Qxa2 14.
Nc3 Qa1+ 15. Nb1 Nd7 16. Re3 Be6 17. Bd3 Ba2 18. c3 Rad8 19. Rh3 f5 20. Re1 Nc5
21. Bc2 Bxb1 22. Qe3 Bxc2+ 23. Kxc2 Qa4+ 24. Kb1 Ne4 25. f3 Nd6 26. Qe6+ Kh8
27. Qg6 Kg8 28. Qxh7+ Kf7 29. Rg3 Rg8 30. Qg6+ Kf8 31. Qe6 Re8 32. Qxd6+ Kf7
33. Qg6+ 1-0

[Event "Montcalm 1 2019-20"]
[Site "Quebec CAN"]
[Date "2019.09.19"]
[Round "3"]
[White "Fecteau, Martin"]
[Black "Caire, Francois"]
[Result "0-1"]
[WhiteElo "1982"]
[BlackElo "2220"]
[PlyCount "126"]
[EventDate "2019.09.05"]
[EventType "swiss"]
[EventRounds "5"]
[EventCountry "CAN"]

1. c4 e6 2. g3 d5 3. Bg2 Nf6 4. d4 Be7 5. Nf3 O-O 6. O-O c6 7. Qc2 Nbd7 8. Nbd2
b6 9. e4 Bb7 10. e5 Ne8 11. b3 Rc8 12. Bb2 c5 13. cxd5 Bxd5 14. Rac1 Nc7 15.
Qb1 cxd4 16. Bxd4 Na6 17. Rxc8 Qxc8 18. Rc1 Qb7 19. Bf1 Nac5 20. Ne1 Rd8 21. b4
Ne4 22. Nxe4 Bxe4 23. Qb2 Nb8 24. a3 Qd5 25. Bc3 Rc8 26. Be2 h6 27. Rd1 Qc6 28.
Bd2 Qb7 29. Be3 g5 30. f3 Bd5 31. Rc1 Nd7 32. Bd4 Bf8 33. Qd2 Rxc1 34. Qxc1 Bg7
35. Qc3 Nf8 36. Kf2 Ng6 37. Ng2 Qb8 38. Ne3 Bxe5 39. Nxd5 exd5 40. Bd3 Bxd4+
41. Qxd4 Qe5 42. Qxe5 Nxe5 43. Ke3 Kf8 44. f4 Nxd3 45. Kxd3 Ke7 46. Kd4 Kd6 47.
fxg5 hxg5 48. h4 f6 49. h5 Ke6 50. h6 Kf7 51. Kxd5 Kg6 52. Ke6 Kxh6 53. Kxf6
Kh5 54. Kf5 b5 55. Kf6 Kg4 56. Kg6 a6 57. Kf6 Kxg3 58. Kxg5 Kf3 59. Kf5 Ke3 60.
Ke5 Kd3 61. Kd5 Kc3 62. Kc5 Kb3 63. Kb6 Kxa3 0-1

[Event "Montcalm 1 2019-20"]
[Site "Quebec CAN"]
[Date "2019.09.19"]
[Round "3"]
[White "Gaulin, Gaetan"]
[Black "Lapierre, Gaetan"]
[Result "1-0"]
[WhiteElo "1939"]
[BlackElo "1783"]
[PlyCount "71"]
[EventDate "2019.09.05"]
[EventType "swiss"]
[EventRounds "5"]
[EventCountry "CAN"]

1. c4 Nf6 2. Nf3 d6 3. d4 g6 4. Nc3 Bg7 5. e4 O-O 6. Be2 Nc6 7. d5 Nb8 8. O-O
c6 9. Be3 Nbd7 10. Nd4 cxd5 11. cxd5 Nc5 12. f3 a5 13. Qd2 Bd7 14. Kh1 Qb6 15.
Rab1 Rfc8 16. Rfc1 Ne8 17. Rc2 e5 18. dxe6 fxe6 19. Bf1 Bf6 20. Rbc1 Qd8 21.
Bb5 Bxb5 22. Ndxb5 Qe7 23. Rd1 Rd8 24. Qf2 Nd7 25. Rcd2 Ra6 26. f4 Bg7 27. Bd4
Bf8 28. f5 gxf5 29. exf5 e5 30. Nd5 Qf7 31. Be3 Ndf6 32. Nxf6+ Nxf6 33. Bg5 Ne4
34. Qh4 Nxd2 35. Bxd8 Nc4 36. b3 1-0

[Event "Montcalm 1 2019-20"]
[Site "Quebec CAN"]
[Date "2019.09.19"]
[Round "3"]
[White "Jardine, Robert"]
[Black "Fleury, Dominic"]
[Result "1-0"]
[WhiteElo "1207"]
[BlackElo "1383"]
[PlyCount "104"]
[EventDate "2019.09.05"]
[EventType "swiss"]
[EventRounds "5"]
[EventCountry "CAN"]

1. e4 e5 2. Nf3 Nf6 3. Nc3 Nc6 4. Bb5 d5 5. O-O Bd7 6. Re1 d4 7. Nd5 Ne7 8.
Nxf6+ gxf6 9. Bxd7+ Qxd7 10. d3 O-O-O 11. Nh4 h5 12. f4 Bh6 13. fxe5 fxe5 14.
Nf5 Nxf5 15. exf5 Qxf5 16. Rf1 Qe6 17. Bxh6 Qxh6 18. Qf3 f6 19. Qxf6 Qd2 20.
Qe6+ Kb8 21. Qxe5 Rhg8 22. Rf2 Qe3 23. Qxh5 Rdf8 24. Raf1 Rxf2 25. Rxf2 Rf8 26.
Qe2 Rg8 27. Qxe3 dxe3 28. Rf4 Re8 29. Re4 Rf8 30. Rxe3 b5 31. b4 Rf4 32. c3 Kb7
33. g3 Rf6 34. h4 Kc6 35. Kg2 Kd5 36. g4 Rc6 37. d4 Ra6 38. h5 Rxa2+ 39. Kg3
Ra6 40. g5 Re6 41. Rf3 Re1 42. Kf4 Ke6 43. h6 Kf7 44. Rh3 Re8 45. Kf5 Rh8 46.
g6+ Kg8 47. Kf6 a5 48. bxa5 b4 49. cxb4 c5 50. dxc5 Rh7 51. gxh7+ Kh8 52. Ke7
Kxh7 1-0

[Event "Montcalm 1 2019-20"]
[Site "Quebec CAN"]
[Date "2019.09.19"]
[Round "3"]
[White "Meere, Martijn"]
[Black "Drolet, Stephane"]
[Result "0-1"]
[WhiteElo "1800"]
[BlackElo "2054"]
[PlyCount "74"]
[EventDate "2019.09.05"]
[EventType "swiss"]
[EventRounds "5"]
[EventCountry "CAN"]

1. d4 e6 2. c4 Bb4+ 3. Bd2 a5 4. a3 Bxd2+ 5. Qxd2 Nf6 6. Nc3 d6 7. Nf3 Nbd7 8.
e3 O-O 9. Be2 e5 10. Qc2 b6 11. O-O Bb7 12. d5 Ne8 13. Bd3 g6 14. g4 Bc8 15. g5
Nc5 16. h4 a4 17. e4 Ng7 18. Ne2 f6 19. Ng3 Bg4 20. Nh2 Bh3 21. Rfe1 fxg5 22.
hxg5 Qxg5 23. Bf1 Bd7 24. Qc1 Qh4 25. Qe3 Nb3 26. Rad1 Nd4 27. Rxd4 exd4 28.
Qxd4 Rae8 29. Bg2 Nh5 30. Nxh5 Qxh5 31. Re3 Rf4 32. Nf3 Ref8 33. Qd3 Bg4 34.
Nh2 Rxf2 35. Rg3 Be2 36. Qe3 Bxc4 37. Rh3 Qd1+ 0-1

[Event "Montcalm 1 2019-20"]
[Site "Quebec CAN"]
[Date "2019.09.19"]
[Round "3"]
[White "Plante, Rejean"]
[Black "Sarra-Bournet, Marc"]
[Result "1-0"]
[WhiteElo "2037"]
[BlackElo "1805"]
[PlyCount "73"]
[EventDate "2019.09.05"]
[EventType "swiss"]
[EventRounds "5"]
[EventCountry "CAN"]

1. d4 d5 2. Bf4 Nf6 3. Nf3 e6 4. e3 Bd6 5. Bg3 O-O 6. c4 c5 7. dxc5 Bxc5 8. Nc3
Nc6 9. a3 a5 10. Qc2 Ng4 11. Rd1 d4 12. h3 Nf6 13. Na4 Ba7 14. exd4 Nxd4 15.
Nxd4 Bxd4 16. Be5 Bxe5 17. Rxd8 Rxd8 18. Nb6 Rb8 19. Be2 Bd4 20. Nxc8 Rbxc8 21.
O-O b5 22. b3 bxc4 23. Bxc4 Nd5 24. Rd1 Nb6 25. Qe2 Nxc4 26. bxc4 Rc5 27. Kf1
e5 28. f4 Rdc8 29. g4 Rxc4 30. fxe5 Rc2 31. Rd2 Rc1+ 32. Kg2 Bc3 33. Rc2 Rxc2
34. Qxc2 g6 35. e6 fxe6 36. Qb3 Kg7 37. Qb7+ 1-0

[Event "Montcalm 1 2019-20"]
[Site "Quebec CAN"]
[Date "2019.09.19"]
[Round "3"]
[White "Sauve, Richard"]
[Black "Dumont, Eric"]
[Result "1-0"]
[WhiteElo "1915"]
[BlackElo "1760"]
[PlyCount "55"]
[EventDate "2019.09.05"]
[EventType "swiss"]
[EventRounds "5"]
[EventCountry "CAN"]

1. d4 d5 2. c4 c6 3. Nc3 Nf6 4. e3 Nbd7 5. Nf3 e6 6. Qc2 Bd6 7. Bd3 e5 8. cxd5
cxd5 9. e4 Nxe4 10. Nxe4 dxe4 11. Bxe4 exd4 12. O-O Nf6 13. Bg5 O-O 14. Bxh7+
Kh8 15. Bd3 Be6 16. Rac1 Rc8 17. Qa4 Bc5 18. b4 Bb6 19. Rxc8 Bxc8 20. Qb3 Qd6
21. Bc4 Be6 22. Bxf6 gxf6 23. Re1 Bxc4 24. Qxc4 Kg7 25. Re4 Rh8 26. Rg4+ Kf8
27. Qc8+ Bd8 28. Rxd4 1-0

[Event "Montcalm 1 2019-20"]
[Site "Quebec CAN"]
[Date "2019.09.26"]
[Round "4"]
[White "Auger, Bertrand"]
[Black "Fecteau, Martin"]
[Result "1-0"]
[WhiteElo "1922"]
[BlackElo "1982"]
[PlyCount "83"]
[EventDate "2019.09.05"]
[EventType "swiss"]
[EventRounds "5"]
[EventCountry "CAN"]

1. Nf3 c5 2. c4 Nc6 3. Nc3 g6 4. g3 Bg7 5. Bg2 e6 6. O-O Nge7 7. d4 cxd4 8. Nb5
d6 9. Nbxd4 O-O 10. Bg5 Nxd4 11. Nxd4 h6 12. Be3 d5 13. Rc1 e5 14. Nb3 d4 15.
Bd2 Nc6 16. Nc5 Qc7 17. b4 a5 18. a3 axb4 19. axb4 b6 20. Nd3 Ra7 21. f4 Bf5
22. b5 e4 23. Nb2 Ne7 24. Bb4 d3 25. Qb3 dxe2 26. Rfe1 Bd4+ 27. Kh1 Bg4 28.
Bxe4 Bf2 29. Nd3 Bxe1 30. Rxe1 Rd8 31. Ne5 Bf5 32. Bf3 Rd1 33. Rxd1 exd1=Q+ 34.
Qxd1 Ra2 35. Qd4 Be6 36. g4 f6 37. Nc6 Nxc6 38. bxc6 Kf7 39. Bc3 Qe7 40. c7 Rc2
41. Bd5 Rxc3 42. c8=Q 1-0

[Event "Montcalm 1 2019-20"]
[Site "Quebec CAN"]
[Date "2019.09.26"]
[Round "4"]
[White "Bluteau, Yvon"]
[Black "Sauve, Richard"]
[Result "0-1"]
[WhiteElo "1799"]
[BlackElo "1915"]
[PlyCount "120"]
[EventDate "2019.09.05"]
[EventType "swiss"]
[EventRounds "5"]
[EventCountry "CAN"]

1. e4 e6 2. d4 d5 3. Nd2 Nf6 4. e5 Nfd7 5. Ngf3 c5 6. c3 Nc6 7. Bd3 Qb6 8. O-O
cxd4 9. cxd4 Nxd4 10. Nxd4 Qxd4 11. Nf3 Qg4 12. h3 Qb4 13. Re1 Be7 14. a3 Qb6
15. b4 h6 16. Be3 Qd8 17. Rc1 Nb6 18. Nd4 Bd7 19. Qg4 Kf8 20. f4 h5 21. Qf3 g6
22. Rf1 h4 23. Qg4 Rc8 24. Rcd1 Nc4 25. Bc1 a5 26. Rde1 Qb6 27. f5 gxf5 28. Qf4
axb4 29. Kh1 bxa3 30. Bxf5 exf5 31. Nxf5 Be6 32. Qg4 Ke8 33. Qg7 Kd7 34. Nxe7
Kxe7 35. Bg5+ Kd7 36. Rxf7+ Kc6 37. Ref1 a2 38. Re7 Rhe8 39. Qf6 Rxe7 40. Qxe7
Kb5 41. Bxh4 Ne3 42. Re1 Ka4 43. Bf2 Qb1 44. Qh4+ Rc4 45. Qh5 a1=Q 46. Qe8+ b5
47. Qa8+ Kb3 48. Qxa1 Qxa1 49. Rxa1 d4 50. Rb1+ Ka4 51. g4 b4 52. g5 Bxh3 53.
g6 Be6 54. g7 b3 55. Ra1+ Kb5 56. Ra8 Rc2 57. Rb8+ Kc4 58. Rb6 b2 59. Rxe6
b1=Q+ 60. Bg1 Qb7+ 0-1

[Event "Montcalm 1 2019-20"]
[Site "Quebec CAN"]
[Date "2019.09.26"]
[Round "4"]
[White "Drolet, Stephane"]
[Black "Plante, Rejean"]
[Result "1/2-1/2"]
[WhiteElo "2054"]
[BlackElo "2037"]
[PlyCount "36"]
[EventDate "2019.09.05"]
[EventType "swiss"]
[EventRounds "5"]
[EventCountry "CAN"]

1. d4 Nf6 2. Nf3 g6 3. Bg5 Bg7 4. c3 d6 5. Nbd2 Nbd7 6. e4 e5 7. Bc4 O-O 8. O-O
h6 9. Bh4 g5 10. Bg3 Nh5 11. Nxe5 dxe5 12. Qxh5 exd4 13. cxd4 Nf6 14. Qe2 Qxd4
15. Rfe1 Bg4 16. Nf3 Bxf3 17. gxf3 Nh5 18. Red1 Nxg3 1/2-1/2

[Event "Montcalm 1 2019-20"]
[Site "Quebec CAN"]
[Date "2019.09.26"]
[Round "4"]
[White "Labrecque, Rejean"]
[Black "Meere, Martijn"]
[Result "1-0"]
[WhiteElo "1833"]
[BlackElo "1800"]
[PlyCount "127"]
[EventDate "2019.09.05"]
[EventType "swiss"]
[EventRounds "5"]
[EventCountry "CAN"]

1. d4 Nf6 2. c4 g6 3. Nc3 d5 4. cxd5 Nxd5 5. e4 Nxc3 6. bxc3 Bg7 7. Bc4 c5 8.
Be3 Qa5 9. Ne2 O-O 10. O-O Nc6 11. Qb3 Qc7 12. dxc5 Na5 13. Qb4 Nxc4 14. Qxc4
Be6 15. Qa4 Bd7 16. Qb4 a5 17. Qb2 Bc6 18. Qc2 Bb5 19. Rfc1 Bc4 20. Bd4 e5 21.
Be3 Rad8 22. Rd1 Qc6 23. Ng3 Qa6 24. Qb2 Rd3 25. Rxd3 Bxd3 26. Rd1 Rd8 27. Qb6
Qxb6 28. cxb6 Rd7 29. f3 Bb5 30. Rxd7 Bxd7 31. c4 Kf8 32. Ne2 Ke8 33. Nc3 Bc6
34. Kf2 f5 35. Nd5 Kd7 36. Bd2 Bxd5 37. cxd5 Kd6 38. Bxa5 Kc5 39. a3 Kb5 40.
Bb4 Bf6 41. Ke3 Kxb6 42. Kd3 Kb5 43. Kc3 b6 44. Bf8 Bd8 45. Kb3 Ka6 46. Kb4 Kb7
47. Kb5 Kc7 48. Ka6 Kd7 49. a4 f4 50. Kb7 g5 51. Bb4 h5 52. Be1 g4 53. fxg4
hxg4 54. Bf2 Kd6 55. Ka6 Bc7 56. Kb5 Bd8 57. Kc4 Bc7 58. Bh4 f3 59. gxf3 gxf3
60. Bf2 Bd8 61. h4 Kc7 62. h5 Kd6 63. Kd3 Ke7 64. Bh4+ 1-0

[Event "Montcalm 1 2019-20"]
[Site "Quebec CAN"]
[Date "2019.09.26"]
[Round "4"]
[White "Sarra-Bournet, Marc"]
[Black "Hebert, Andre jr"]
[Result "0-1"]
[WhiteElo "1805"]
[BlackElo "1461"]
[PlyCount "70"]
[EventDate "2019.09.05"]
[EventType "swiss"]
[EventRounds "5"]
[EventCountry "CAN"]

1. e4 Nf6 2. e5 Nd5 3. d4 d6 4. c4 Nb6 5. f4 dxe5 6. fxe5 Nc6 7. Be3 Bf5 8. Nc3
e6 9. Nf3 Bb4 10. Rc1 Bg4 11. Be2 Bxf3 12. gxf3 Qh4+ 13. Bf2 Qf4 14. O-O O-O-O
15. Qb3 a5 16. a3 Nxd4 17. Bxd4 Qxd4+ 18. Kg2 Bxc3 19. Rxc3 Qxe5 20. Re3 Qg5+
21. Kh1 Rd2 22. f4 Qc5 23. Re4 Rhd8 24. Qc3 Qf5 25. Qf3 Rxb2 26. Rg1 Qf6 27.
Re5 Rdd2 28. Qh5 Qxf4 29. Rf1 Qd4 30. Rxe6 g6 31. Rxg6 hxg6 32. Qh3+ Kb8 33. c5
Nd5 34. Rxf7 Rxe2 35. Rf8+ Ka7 0-1

[Event "Montcalm 1 2019-20"]
[Site "Quebec CAN"]
[Date "2019.10.03"]
[Round "5"]
[White "Caire, Francois"]
[Black "Auger, Bertrand"]
[Result "1-0"]
[WhiteElo "2220"]
[BlackElo "1922"]
[PlyCount "43"]
[EventDate "2019.09.05"]
[EventType "swiss"]
[EventRounds "5"]
[EventCountry "CAN"]

1. d4 Nf6 2. c4 e6 3. Nf3 c5 4. d5 exd5 5. cxd5 g6 6. Nc3 d6 7. e4 Bg7 8. h3
O-O 9. Bd3 Re8 10. O-O a6 11. a4 b6 12. Bf4 Qe7 13. e5 dxe5 14. Bxe5 Nbd7 15.
Bh2 Bb7 16. Qb3 Nh5 17. Bc4 Qf6 18. Rfe1 Qf5 19. Ne2 Rxe2 20. Rxe2 Nf4 21. Re7
Nxd5 22. g4 1-0

[Event "Montcalm 1 2019-20"]
[Site "Quebec CAN"]
[Date "2019.10.03"]
[Round "5"]
[White "Fecteau, Martin"]
[Black "Bluteau, Yvon"]
[Result "1/2-1/2"]
[WhiteElo "1982"]
[BlackElo "1799"]
[PlyCount "104"]
[EventDate "2019.09.05"]
[EventType "swiss"]
[EventRounds "5"]
[EventCountry "CAN"]

1. c4 e5 2. Nc3 Nf6 3. Nf3 Nc6 4. g3 Bc5 5. Bg2 e4 6. Ng1 Qe7 7. e3 Nb4 8. Nge2
Nd3+ 9. Kf1 c6 10. Nf4 Nxf4 11. gxf4 O-O 12. d4 exd3 13. Qxd3 d6 14. h3 Bd7 15.
Bd2 Rad8 16. Kg1 g6 17. Ne4 Nxe4 18. Qxe4 Qxe4 19. Bxe4 Rfe8 20. Bf3 Bf5 21.
Kg2 Bd3 22. Rhc1 f5 23. Bc3 Be4 24. Rd1 Kf7 25. Kg3 Bxf3 26. Kxf3 a6 27. Bd4
Bb4 28. Bb6 Rc8 29. a3 Bc5 30. Ba5 Re6 31. Rd3 Ba7 32. Rad1 Ke7 33. Bc3 Rd8 34.
Bg7 Rd7 35. Kg3 Bb6 36. h4 Re4 37. b3 Re6 38. Kf3 a5 39. a4 Kf7 40. Bc3 Bc7 41.
Kg3 Bd8 42. Bb2 b6 43. Ba3 c5 44. Rd5 Bf6 45. R1d3 Ke7 46. Bc1 Kd8 47. Bd2 Kc7
48. Bc3 Bxc3 49. Rxc3 Rg7 50. Kf3 Rf7 51. Rc1 Kc6 52. Rh1 h5 1/2-1/2

[Event "Montcalm 1 2019-20"]
[Site "Quebec CAN"]
[Date "2019.10.03"]
[Round "5"]
[White "Hebert, Andre jr"]
[Black "Dumont, Eric"]
[Result "0-1"]
[WhiteElo "1461"]
[BlackElo "1760"]
[PlyCount "80"]
[EventDate "2019.09.05"]
[EventType "swiss"]
[EventRounds "5"]
[EventCountry "CAN"]

1. Nf3 d5 2. g3 Nf6 3. Bg2 c6 4. d3 e6 5. O-O Bc5 6. c3 Nbd7 7. b4 Bb6 8. a4
O-O 9. a5 Bc7 10. Ba3 Re8 11. Nbd2 e5 12. e4 Nf8 13. Qb3 h6 14. exd5 Nxd5 15.
c4 Nf6 16. Rfe1 Bf5 17. Ne4 Ne6 18. Nxf6+ gxf6 19. Rad1 Bg4 20. Bb2 Ng5 21. Re3
Rc8 22. h4 Ne6 23. Rde1 Bxf3 24. Bxf3 c5 25. Bxb7 Rb8 26. a6 cxb4 27. Bc6 Nc5
28. Qc2 b3 29. Qe2 Re6 30. Qg4+ Kh8 31. Bd5 Rxa6 32. Qh5 Qf8 33. Bxf7 Ra2 34.
R1e2 Rxb2 35. Rxb2 Na4 36. Qg6 Qg7 37. Rb1 Nc3 38. Rc1 b2 39. Ree1 bxc1=Q 40.
Rxc1 Ne2+ 0-1

[Event "Montcalm 1 2019-20"]
[Site "Quebec CAN"]
[Date "2019.10.03"]
[Round "5"]
[White "Lapierre, Gaetan"]
[Black "Labrecque, Rejean"]
[Result "1-0"]
[WhiteElo "1783"]
[BlackElo "1833"]
[PlyCount "95"]
[EventDate "2019.09.05"]
[EventType "swiss"]
[EventRounds "5"]
[EventCountry "CAN"]

1. e4 c5 2. Nc3 d6 3. g3 g6 4. Bg2 Bg7 5. Nge2 Nc6 6. h3 Nf6 7. O-O O-O 8. f4
e6 9. g4 Rb8 10. Ng3 Nd4 11. d3 b5 12. Nce2 Nd7 13. c3 Nxe2+ 14. Qxe2 b4 15. c4
Bb7 16. Be3 Qc7 17. Rad1 Nb6 18. b3 Rbd8 19. Qf2 e5 20. f5 f6 21. h4 Qf7 22.
Bf3 Nc8 23. g5 Ne7 24. Bg4 Bc8 25. gxf6 Bxf6 26. Bg5 Kg7 27. Qd2 Ng8 28. h5 Qe7
29. Be3 g5 30. h6+ Nxh6 31. Nh5+ Kh8 32. Nxf6 Rxf6 33. Bh5 Rg8 34. Rf2 Nf7 35.
Rh2 Rh6 36. Kh1 Rg7 37. Rg1 Rf6 38. Rg3 h6 39. Bg6 Kg8 40. Qe2 Bd7 41. Qh5 Be8
42. Bxg5 Nxg5 43. Bxe8 Kf8 44. Bg6 Nf7 45. Rhg2 Ke8 46. Bxf7+ Rgxf7 47. Rg6 Rh7
48. Rxf6+ 1-0

[Event "Montcalm 1 2019-20"]
[Site "Quebec CAN"]
[Date "2019.10.03"]
[Round "5"]
[White "Sauve, Richard"]
[Black "Drolet, Stephane"]
[Result "0-1"]
[WhiteElo "1915"]
[BlackElo "2054"]
[PlyCount "120"]
[EventDate "2019.09.05"]
[EventType "swiss"]
[EventRounds "5"]
[EventCountry "CAN"]

1. d4 d5 2. c4 e6 3. Nc3 Bb4 4. a3 Bxc3+ 5. bxc3 Nf6 6. Bg5 Nbd7 7. e3 c5 8.
Bd3 Qa5 9. Ne2 cxd4 10. Bxf6 Nxf6 11. exd4 dxc4 12. Bxc4 O-O 13. O-O Bd7 14.
Qd3 Rac8 15. Rfb1 Bc6 16. Ng3 Nd5 17. Ne2 a6 18. a4 Nf6 19. Ng3 Qg5 20. Re1
Rfd8 21. Re5 Qxe5 22. dxe5 Rxd3 23. Bxd3 Nd7 24. f4 Nc5 25. Bc2 Rd8 26. Nf1 Kf8
27. g3 a5 28. Ra3 Ke7 29. Kf2 h5 30. Ke3 h4 31. Nd2 hxg3 32. hxg3 Bd5 33. Ne4
Bxe4 34. Bxe4 Rh8 35. Bg2 b6 36. Ra1 Rd8 37. Be4 Rc8 38. Bc2 Nd7 39. Kd4 Rh8
40. Ke3 Rh2 41. Be4 Nc5 42. Ra3 Kd7 43. Ra1 Kc7 44. Ra3 Rb2 45. Ra1 Rb3 46. Kd4
Nxe4 47. Kxe4 Rxc3 48. g4 Rc4+ 49. Ke3 Kc6 50. f5 Rxg4 51. fxe6 fxe6 52. Rd1
Kc5 53. Rd6 Rxa4 54. Rxe6 Rb4 55. Rg6 Kd5 56. e6 Re4+ 57. Kd3 Rxe6 58. Rxg7 b5
59. Ra7 a4 60. Kc3 Kc5 0-1

[Event "Montcalm 2 2019-20"]
[Site "Quebec CAN"]
[Date "2019.10.10"]
[Round "1"]
[White "Auger, Bertrand"]
[Black "Hines, Jason"]
[Result "0-1"]
[WhiteElo "1938"]
[BlackElo "1583"]
[PlyCount "46"]
[EventDate "2019.10.10"]
[EventType "swiss"]
[EventRounds "5"]
[EventCountry "CAN"]

1. Nf3 f5 2. b4 e6 3. Bb2 Nf6 4. a3 Be7 5. g3 O-O 6. Bg2 d6 7. O-O e5 8. c4 Kh8
9. Qc2 Qe8 10. Nc3 Qh5 11. Nd5 Bd8 12. d3 Nxd5 13. cxd5 Nd7 14. Nd2 Nf6 15.
Rfe1 f4 16. Ne4 Bh3 17. Nxf6 Rxf6 18. Bf3 Bg4 19. d4 Rh6 20. Qe4 Qxh2+ 21. Kf1
fxg3 22. fxg3 Bh3+ 23. Bg2 Rf6+ 0-1

[Event "Montcalm 2 2019-20"]
[Site "Quebec CAN"]
[Date "2019.10.10"]
[Round "1"]
[White "Bluteau, Yvon"]
[Black "Bourdeau, Yvan"]
[Result "1-0"]
[WhiteElo "1812"]
[BlackElo "1418"]
[PlyCount "45"]
[EventDate "2019.10.10"]
[EventType "swiss"]
[EventRounds "5"]
[EventCountry "CAN"]

1. e4 g6 2. d4 Bg7 3. f4 d6 4. Nf3 Nf6 5. Nc3 O-O 6. Be3 Bg4 7. Be2 Nbd7 8. Qd2
c6 9. h3 Bxf3 10. Bxf3 e5 11. O-O-O a5 12. g4 b5 13. g5 Nh5 14. Bxh5 gxh5 15.
dxe5 Nxe5 16. fxe5 Bxe5 17. Bd4 f6 18. gxf6 Bxf6 19. Rhg1+ Kh8 20. Rdf1 Qe7 21.
Rxf6 Rxf6 22. Qg5 Raf8 23. Rf1 1-0

[Event "Montcalm 2 2019-20"]
[Site "Quebec CAN"]
[Date "2019.10.10"]
[Round "1"]
[White "Boissinot, Claude"]
[Black "Sauve, Richard"]
[Result "1-0"]
[WhiteElo "1516"]
[BlackElo "1925"]
[PlyCount "57"]
[EventDate "2019.10.10"]
[EventType "swiss"]
[EventRounds "5"]
[EventCountry "CAN"]

1. e4 e6 2. d4 d5 3. Nc3 Nf6 4. e5 Nfd7 5. f4 c5 6. Nf3 Nc6 7. Bb5 a6 8. Bxc6
bxc6 9. O-O cxd4 10. Nxd4 c5 11. Nf3 Be7 12. Kh1 O-O 13. f5 Bb7 14. Qe1 Qc7 15.
Qg3 Kh8 16. Bf4 Rg8 17. Rae1 d4 18. Ne4 Bxe4 19. Rxe4 Qb7 20. Ree1 exf5 21. e6
fxe6 22. Rxe6 Bf6 23. Rfe1 Nf8 24. Rd6 Be7 25. Qh3 Bxd6 26. Bxd6 Qd5 27. Ng5 h6
28. Be5 Qd7 29. Qxh6+ 1-0

[Event "Montcalm 2 2019-20"]
[Site "Quebec CAN"]
[Date "2019.10.10"]
[Round "1"]
[White "Fecteau, Martin"]
[Black "Perreault, Jacquelin"]
[Result "1/2-1/2"]
[WhiteElo "1966"]
[BlackElo "1745"]
[PlyCount "109"]
[EventDate "2019.10.10"]
[EventType "swiss"]
[EventRounds "5"]
[EventCountry "CAN"]

1. c4 f5 2. Nc3 b6 3. e4 fxe4 4. Nxe4 Nf6 5. d3 Bb7 6. Qc2 e6 7. Nf3 Bb4+ 8.
Bd2 Qe7 9. Be2 O-O 10. Nc3 d5 11. O-O Nbd7 12. a3 Bd6 13. Nb5 c5 14. Nxd6 Qxd6
15. Ng5 h6 16. Nh3 d4 17. f4 Rae8 18. Bf3 Bxf3 19. Rxf3 e5 20. fxe5 Nxe5 21.
Rff1 Neg4 22. Bf4 Qe6 23. Qd2 Qe2 24. Rae1 Qxd2 25. Bxd2 Ne5 26. Nf2 Nfg4 27.
Nxg4 Nxg4 28. Rxf8+ Kxf8 29. Rxe8+ Kxe8 30. Bf4 Kd7 31. h3 Nf6 32. Kf2 Kc6 33.
Ke2 b5 34. b3 a6 35. Kd2 h5 36. Kc2 Nd7 37. Bg5 Ne5 38. Bd2 Ng6 39. Bg5 Ne5 40.
Kd2 Kd7 41. Ke2 bxc4 42. bxc4 Ke6 43. Bd8 Kf5 44. Bb6 Nd7 45. Bc7 g5 46. a4 g4
47. h4 Ne5 48. Bd6 Nd7 49. a5 Ke6 50. Bf4 Kf5 51. Bc7 Ne5 52. Bd6 Nd7 53. Bc7
Ne5 54. Bxe5 Kxe5 55. g3 1/2-1/2

[Event "Montcalm 2 2019-20"]
[Site "Quebec CAN"]
[Date "2019.10.10"]
[Round "1"]
[White "Jardine, Robert"]
[Black "Sarra-Bournet, Marc"]
[Result "0-1"]
[WhiteElo "1225"]
[BlackElo "1781"]
[PlyCount "80"]
[EventDate "2019.10.10"]
[EventType "swiss"]
[EventRounds "5"]
[EventCountry "CAN"]

1. e4 e5 2. Nf3 Nc6 3. Bb5 a6 4. Ba4 Nf6 5. c3 Be7 6. O-O O-O 7. Re1 d6 8. d4
Bg4 9. d5 Nb8 10. Qd3 Nbd7 11. b4 Nb6 12. Bd1 c6 13. c4 cxd5 14. cxd5 Rc8 15.
Nc3 Qc7 16. Bb2 Nc4 17. Bc1 b5 18. a4 Bd7 19. a5 Nh5 20. Ra2 f5 21. Ng5 Bxg5
22. Bxg5 fxe4 23. Qxe4 Bf5 24. Qe2 Nf6 25. h3 Qf7 26. g4 Bg6 27. Bc2 Bxc2 28.
Rxc2 Nxd5 29. Rf1 Nxb4 30. Rcc1 Nc6 31. Rcd1 Nd4 32. Qe4 Nf3+ 33. Kg2 Nxg5 34.
Qd5 Ne6 35. Kg1 Rc5 36. Qd3 Nb2 37. Qd2 Nxd1 38. Nxd1 Nd4 39. Kg2 Qd5+ 40. f3
Rc2 0-1

[Event "Montcalm 2 2019-20"]
[Site "Quebec CAN"]
[Date "2019.10.10"]
[Round "1"]
[White "Lescarbeau, Martin"]
[Black "Cournoyer, Dominic"]
[Result "0-1"]
[WhiteElo "1671"]
[BlackElo "1963"]
[PlyCount "106"]
[EventDate "2019.10.10"]
[EventType "swiss"]
[EventRounds "5"]
[EventCountry "CAN"]

1. d4 Nf6 2. Bf4 d5 3. e3 Bf5 4. c3 e6 5. Nf3 Be7 6. Qb3 Qc8 7. Bb5+ c6 8. Be2
h6 9. Nbd2 Nbd7 10. O-O O-O 11. c4 Nh5 12. Ne5 Nxf4 13. exf4 dxc4 14. Ndxc4 Nf6
15. g4 Be4 16. Bf3 Bxf3 17. Qxf3 Nd5 18. Rac1 Qd8 19. Ne3 Nc7 20. Rfd1 Nb5 21.
Qe4 Nd6 22. Qd3 Qa5 23. Qb3 Rad8 24. N3c4 Qd5 25. Nxd6 Qxb3 26. axb3 Rxd6 27.
b4 Rd5 28. Rc4 Rfd8 29. Nf3 Rb5 30. Ra1 a6 31. Ra4 Rbd5 32. Ra5 R5d6 33. g5
hxg5 34. fxg5 Rd5 35. h4 Rb5 36. Ra4 Rf5 37. Ra3 Rdd5 38. Kg2 Rb5 39. Rb3 a5
40. Ne5 Rxb4 41. Rbxb4 Bxb4 42. Kg3 Bd2 43. Nd3 Rd5 44. Rc2 Bb4 45. Rc4 Bd6+
46. Kf3 Kf8 47. Ke4 Ke7 48. f4 Rb5 49. h5 f6 50. Nc5 Bxc5 51. h6 gxh6 52. gxh6
Bd6 53. Rc5 Kf7 0-1

[Event "Montcalm 2 2019-20"]
[Site "Quebec CAN"]
[Date "2019.10.17"]
[Round "2"]
[White "Bourdeau, Yvan"]
[Black "Auger, Bertrand"]
[Result "0-1"]
[WhiteElo "1418"]
[BlackElo "1938"]
[PlyCount "92"]
[EventDate "2019.10.10"]
[EventType "swiss"]
[EventRounds "5"]
[EventCountry "CAN"]

1. c4 c5 2. Nc3 Nc6 3. Nf3 Nf6 4. g3 d5 5. cxd5 Nxd5 6. Bg2 Nc7 7. O-O g6 8. b3
Bg7 9. Bb2 O-O 10. Na4 Nd4 11. e3 b5 12. exd4 bxa4 13. Ne5 Ba6 14. Bxa8 Qxa8
15. Nd7 a3 16. Bc3 cxd4 17. Bb4 Rd8 18. Nc5 Bb5 19. Rc1 Qd5 20. Bxa3 Bc6 21. f3
Nb5 22. Bb2 e5 23. Ne4 f5 24. Rc5 Qd7 25. Nf2 e4 26. Rxc6 Qxc6 27. fxe4 fxe4
28. Qc1 Qxc1 29. Rxc1 e3 30. Nd3 Bh6 31. dxe3 Bxe3+ 32. Kf1 Bxc1 33. Bxc1 Nc3
34. b4 Nxa2 35. Bb2 Nc3 36. Ke1 Re8+ 37. Kf1 g5 38. Nc5 Nb5 39. Nd3 Kf7 40. Nc5
Kf6 41. Nd3 h6 42. Kf2 Kf5 43. h3 Ke4 44. Ke2 Kd5+ 45. Kd2 Re3 46. Bxd4 Kxd4
0-1

[Event "Montcalm 2 2019-20"]
[Site "Quebec CAN"]
[Date "2019.10.17"]
[Round "2"]
[White "Hebert, Andre jr"]
[Black "Fecteau, Martin"]
[Result "1/2-1/2"]
[WhiteElo "1540"]
[BlackElo "1966"]
[PlyCount "57"]
[EventDate "2019.10.10"]
[EventType "swiss"]
[EventRounds "5"]
[EventCountry "CAN"]

1. Nf3 c5 2. g3 Nc6 3. d4 cxd4 4. Nxd4 g6 5. Bg2 Bg7 6. c3 Nf6 7. O-O O-O 8.
Nxc6 bxc6 9. e4 Ba6 10. Re1 d5 11. e5 Nd7 12. e6 fxe6 13. Rxe6 Qb6 14. Qe1 Nf6
15. b3 Ng4 16. Bxd5 Kh8 17. Rxc6 Qd8 18. Rxa6 Qxd5 19. f4 Rad8 20. Re6 Qc5+ 21.
Kg2 Rd3 22. Bd2 Qd5+ 23. Kg1 Qc5+ 24. Kg2 Qd5+ 25. Qe4 Rxd2+ 26. Nxd2 Qxd2+ 27.
Qe2 Qd5+ 28. Qe4 Qd2+ 29. Qe2 1/2-1/2